| 000 | 00597nas a2200217 4500 | ||
|---|---|---|---|
| 001 | BR9404211 | ||
| 003 | BR-BrBNA | ||
| 005 | 20231205093705.0 | ||
| 007 | ta | ||
| 008 | 230509b bl.|||p| |||| 00| 00por d | ||
| 040 |
_aBR-BrBNA _bpor _cBiblioteca Nacional de Agricultura |
||
| 041 | _a(Pt) | ||
| 072 | _aL01 | ||
| 100 | 1 | _aFilgueiras, O. | |
| 245 | 1 | _aEquinos: com carinho, vai | |
| 650 | _aCavalo | ||
| 650 | _aAdestramento | ||
| 773 | 0 |
_tGlobo Rural (Brazil) _xISSN 0102-6178 _g(Dec 1992), v. 8(86) p. 28-31 _wBR9404211 |
|
| 909 |
_a202311 _bLúcia _c55 _dLúcia Elande |
||
| 942 |
_2AGRIS _n0 _cANA |
||
| 999 |
_c139902 _d139902 |
||